[Event "ZMD Open"]
[Site "Dresden GER"]
[Date "2008.07.23"]
[Round "5"]
[White "Ovsejevitsch,S"]
[Black "Hoffmann,Micha1"]
[Result "1/2-1/2"]
[WhiteElo "2582"]
[BlackElo "2469"]

1.c4 c6 2.e4 d5 3.cxd5 cxd5 4.exd5 Nf6 5.Nc3 Nxd5 6.Bc4 Nb6 7.Bb3 Nc6 8.Nf3 Bf5
9.d4 e6 10.O-O Be7 11.d5 exd5 12.Nxd5 Nxd5 13.Qxd5 Bg6 14.Bg5 Bxg5 15.Nxg5 O-O
16.Qxd8 Raxd8 17.Rfd1 Nd4 18.Bc4 Rd7 19.Nf3 Nxf3+ 20.gxf3 Rfd8 21.Rxd7 Rxd7  1/2-1/2

[Event "34th Open"]
[Site "Sitges ESP"]
[Date "2008.07.23"]
[Round "2"]
[White "Fernandez Vicente,C"]
[Black "Pakleza,Z"]
[Result "0-1"]
[WhiteElo "2139"]
[BlackElo "2495"]

1.c4 c6 2.g3 d5 3.Nf3 Nf6 4.b3 Bf5 5.Bg2 e6 6.Bb2 Be7 7.d3 h6 8.O-O O-O 9.Nbd2 Nbd7
10.Re1 Bh7 11.e4 Nc5 12.Ne5 dxe4 13.Nxe4 Nfxe4 14.dxe4 f6 15.Ng4 Qxd1 16.Raxd1 Rfd8
17.Ba3 Bf8 18.Bxc5 Bxc5 19.h4 Bb4 20.Rf1 Kf8 21.f4 Ke7 22.Kh2 Bg6 23.Nf2 Bd2
24.Bf3 Rd4 25.h5 Bh7 26.Nh3 Rad8 27.Rf2 a5 28.Re2 Bb4 29.Rxd4 Rxd4 30.Nf2 Rd8
31.e5 fxe5 32.Rxe5 Rd2 33.Re2 Bb1 34.Rxd2 Bxd2 35.Bd1 Bxa2 36.c5 Bb1 37.Be2 Be3
38.Bd3 Ba2 39.Nd1 Bxc5 40.Bc2 Bd4 41.g4 b5 42.Kg3 b4 43.Kf3 Kd6 44.Ne3  0-1

[Event "2nd ITT 54th Aniv Martelli"]
[Site "Villa Martelli ARG"]
[Date "2008.07.23"]
[Round "9"]
[White "Mareco,S"]
[Black "Real de Azua,E"]
[Result "1-0"]
[WhiteElo "2477"]
[BlackElo "2429"]

1.c4 c6 2.Nf3 Nf6 3.Nc3 d5 4.e3 e6 5.b3 b6 6.Bb2 Bb7 7.Qc2 Nbd7 8.Be2 Rc8
9.d4 Bd6 10.O-O O-O 11.Rfd1 Qe7 12.Rac1 Rfe8 13.Nd2 c5 14.Bf3 cxd4 15.exd4 Bb4
16.Re1 Qd6 17.a3 Bxc3 18.Bxc3 Qc7 19.Qb2 dxc4 20.Bxb7 Qxb7 21.bxc4 Qb8 22.Re3 Qf4
23.Rf3 Qg5 24.Re1 b5 25.Rg3 Qf5 26.cxb5 Qd5 27.a4 Nb6 28.Qa1 Qd6 29.d5 Nbxd5
30.Bxf6  1-0

[Event "19th Czech Chladek & Tintera A Open"]
[Site "Pardubice CZE"]
[Date "2008.07.24"]
[Round "7"]
[White "Pinchuk,S"]
[Black "Brokken,D"]
[Result "1-0"]
[WhiteElo "2413"]
[BlackElo "2266"]

1.c4 c6 2.d4 d5 3.Nc3 Nf6 4.Nf3 a6 5.Ne5 Nbd7 6.Bf4 e6 7.e3 Nxe5 8.Bxe5 b5
9.cxd5 cxd5 10.Bd3 Bb7 11.O-O Be7 12.a4 b4 13.Na2 O-O 14.Bxf6 Bxf6 15.Nxb4 a5
16.Nc2 Qb6 17.Qe2 Bc6 18.Rfb1 Rab8 19.b4 Be7 20.b5 Bd7 21.Ne1 Bd6 22.Rc1 g6
23.f4 f6 24.Nf3 Rbe8 25.Rf1 Re7 26.Rae1 Rfe8 27.Qf2 Rc8 28.Qb2 Be8 29.Rc1 Rec7
30.Rxc7 Qxc7 31.Rb1 Bb4 32.Kf2 Qd6 33.Ne1 Rc3 34.Rc1 Ra3 35.Qc2 Rc3 36.Qb2 Ra3
37.Qc2 Rc3 38.Qb1 e5 39.Rxc3 Bxc3 40.dxe5 fxe5 41.Qb3 Bb4 42.fxe5 Qxe5 43.Nf3 Qd6
44.Qc2 Bd7 45.Qb2 Bg4 46.Qe5 Bxf3 47.Qxd6 Bxd6 48.gxf3 Kf7 49.Bc2 Bc5 50.Bb3 Ke6
51.f4 Kd6 52.h4 Bb6 53.Kf3 Bd8 54.h5 gxh5 55.Bc2 h6 56.Bg6 Bh4  1-0

[Event "19th Czech Jihlavanka B Open"]
[Site "Pardubice CZE"]
[Date "2008.07.24"]
[Round "7"]
[White "Golcman,E"]
[Black "Musialkiewicz,J"]
[Result "1/2-1/2"]
[WhiteElo "2255"]
[BlackElo "2061"]

1.c4 c6 2.d4 d5 3.Nf3 Nf6 4.cxd5 cxd5 5.Nc3 Nc6 6.g3 Bf5 7.Bg2 e6 8.Bf4 Be7
9.O-O O-O 10.Ne5 Rc8 11.Rc1 a6 12.Qd2 Na5 13.h3 h5 14.Na4 Nc4 15.Nxc4 Rxc4
16.b3 Bb4 17.Qb2 Rxc1 18.Rxc1 Ne8 19.Nc5 g5 20.Bd2 Bxd2 21.Qxd2 Nd6 22.f3 Bg6
23.Nd3 Bxd3 24.Qxd3 f5 25.Qe3 Qf6 26.f4 g4 27.a4 Rc8 28.Rc5 b6 29.Rxc8+ Nxc8
30.Qd3 a5 31.hxg4 hxg4  1/2-1/2

[Event "19th Czech Chladek & Tintera A Open"]
[Site "Pardubice CZE"]
[Date "2008.07.24"]
[Round "7"]
[White "Llorente Zaro,A"]
[Black "Cerveny,M"]
[Result "1-0"]
[WhiteElo "2423"]
[BlackElo "2285"]

1.c4 c6 2.Nf3 Nf6 3.b3 d5 4.Bb2 Bg4 5.e3 Nbd7 6.d4 e6 7.Bd3 Bd6 8.Nbd2 O-O
9.O-O Qe7 10.Qc2 Bxf3 11.Nxf3 dxc4 12.Bxc4 e5 13.e4 Rad8 14.Rfe1 c5 15.d5 Nh5
16.Bf1 Rfe8 17.Nd2 Rb8 18.a4 b6 19.Nc4 Rb7 20.g3 Ra8 21.Bd3 Nhf6 22.a5 b5
23.a6 Rbb8 24.Na5 Rb6 25.Qe2 b4 26.Bb5 Ne8 27.Bc6 Rd8 28.Bb7 Bc7 29.Nc6 Rxc6
30.Bxc6 Nd6 31.Bc1 Bb6 32.Bxd7 Rxd7 33.Bd2 Rc7 34.Rac1 Qe8 35.Rc2 Qb5 36.Qxb5 Nxb5
37.Be3 Kf8 38.Kf1 Ke7 39.Ke2 Kd6 40.Kd3 Na3 41.Rcc1 c4+ 42.bxc4 Bxe3 43.Rxe3 Kc5
44.Re2 Rd7 45.f4 f6 46.fxe5 fxe5 47.Rf2 Rd6 48.Rf8 Rxa6 49.Rc8+ Kd6 50.c5+ Kd7
51.Rb8 Ra4 52.c6+ Kc7 53.Rb7+  1-0

[Event "ZMD Open"]
[Site "Dresden GER"]
[Date "2008.07.25"]
[Round "7"]
[White "Miezis,N"]
[Black "Heinig,Wo"]
[Result "1-0"]
[WhiteElo "2540"]
[BlackElo "2332"]

1.c4 c6 2.e4 e5 3.Nf3 d6 4.Nc3 Nf6 5.d4 Nbd7 6.g3 Be7 7.Bg2 O-O 8.O-O a6
9.a4 a5 10.h3 Re8 11.Be3 Bf8 12.Re1 exd4 13.Bxd4 Qc7 14.Qc2 g6 15.Rad1 Bg7
16.Nh2 Nf8 17.f4 Ne6 18.Bf2 Nd7 19.Nf3 Nec5 20.Bd4 Bf8 21.Kh2 Qb6 22.Nd2 Qb4
23.Na2 Qb6 24.Nc1 Qc7 25.b3 Bg7 26.Bxg7 Kxg7 27.Nf3 Kg8 28.Nh4 Nf6 29.Rd4 Bd7
30.Qd2 Rad8 31.f5 Bc8 32.Rf1 Qe7 33.Qh6 Qf8 34.Qg5 Ncd7 35.fxg6 fxg6 36.Nd3 Qg7
37.Rxd6 Nh5 38.g4 Ndf6 39.c5 Rxd6 40.cxd6 Nxe4 41.Bxe4 Qd4 42.gxh5 Qxd6+
43.Nf4 Rxe4 44.hxg6 Re2+ 45.Kh1 Re5 46.Qh6 hxg6 47.Nhxg6 Qf6 48.Rg1  1-0

[Event "Politiken Cup"]
[Site "Helsingor DEN"]
[Date "2008.07.26"]
[Round "9"]
[White "Jacobsen,Bo"]
[Black "Gajic,Ml"]
[Result "0-1"]
[WhiteElo "2323"]
[BlackElo "2135"]

1.c4 c6 2.Nf3 Nf6 3.g3 d5 4.b3 Bf5 5.Bg2 h6 6.Bb2 e6 7.O-O Nbd7 8.d3 Bd6
9.Nbd2 e5 10.cxd5 cxd5 11.e4 Be6 12.exd5 Bxd5 13.Nc4 Bxc4 14.dxc4 Qc7 15.Rc1 O-O
16.Rc2 a5 17.a3 Bc5 18.Re1 Rfe8 19.Rce2 Qb6 20.Qc2 e4 21.Nh4 Ng4 22.h3 e3
23.f3 Nf2 24.Qc3 f6 25.f4 Nf8 26.Nf5 Rad8 27.Bd5+ Rxd5 28.cxd5 Ne4 29.Qd3 Ng6
30.Kg2 h5 31.h4 Qc7 32.d6 Qc6 33.Kh2 Nf2 34.Qc4+ Kh7 35.Qf7 Ng4+ 36.Kg1 Rg8
37.Ne7 Nxe7 38.Qxh5+ Nh6 39.Rc2 Nf5 40.Kh2 Qxd6 41.Rd1 Qe7 42.Qe2 Bd6 43.Kh3 Qe4
44.Rc4 Qe6 45.g4 b5 46.Rc6 Qd7 47.Rb6 Qc7 48.Rxb5 Nxh4 49.Kxh4 Bxf4 50.Qf3 f5
51.Rb7 Bg3+ 52.Kg5 Nf7+ 53.Kxf5 g6+ 54.Ke4 Qxb7+  0-1

[Event "19th Czech Chladek & Tintera A Open"]
[Site "Pardubice CZE"]
[Date "2008.07.26"]
[Round "9"]
[White "Neuman,P"]
[Black "Brokken,D"]
[Result "1/2-1/2"]
[WhiteElo "2444"]
[BlackElo "2266"]

1.c4 c6 2.d4 d5 3.e3 Nf6 4.Nc3 a6 5.Bd3 Bg4 6.Nge2 e6 7.f3 Bh5 8.g4 Bg6 9.h4 Nbd7
10.h5 Bxd3 11.Qxd3 h6 12.cxd5 cxd5 13.Bd2  1/2-1/2

[Event "ZMD Open"]
[Site "Dresden GER"]
[Date "2008.07.27"]
[Round "9"]
[White "Miezis,N"]
[Black "Wigger,J"]
[Result "1/2-1/2"]
[WhiteElo "2540"]
[BlackElo "2291"]

1.c4 c6 2.e4 d5 3.cxd5 cxd5 4.exd5 Nf6 5.Bb5+ Nbd7 6.Nc3 a6 7.Qa4 Rb8 8.Bxd7+ Qxd7
9.Qb3 b5 10.Nf3 Bb7 11.Ne5 Qd6 12.d4 Bxd5 13.Nxd5 Qxd5 14.O-O e6 15.Bg5 Bd6
16.Bxf6 Qxb3 17.axb3 gxf6 18.Ng4 f5 19.Ne3 Rb6 20.Rfd1 Ke7 21.Rac1 Rd8 22.g3 Bb8
23.Nc2 a5 24.Ra1 Rc6 25.Ne3 f4 26.Ng2 fxg3 27.hxg3 Bc7 28.Ne1 Bb6 29.Nf3 Rc2
30.Rab1 f6 31.Kf1 Rd5 32.Rd3 b4 33.Ne1 Rc8 34.Rbd1 Rcd8 35.Nc2 Kf7 36.Ke2 h5
37.f4 Kg6 38.R1d2 R8d7 39.Rd1 Rd8 40.R1d2 R8d7 41.Rd1 Rd8 42.R1d2  1/2-1/2

[Event "Politiken Cup"]
[Site "Helsingor DEN"]
[Date "2008.07.27"]
[Round "10"]
[White "Overeem,M"]
[Black "Jorgensen,D"]
[Result "1/2-1/2"]
[WhiteElo "2288"]
[BlackElo "2167"]

1.c4 c6 2.e4 d5 3.exd5 cxd5 4.cxd5 Nf6 5.Nc3 Nxd5 6.Nf3 e6 7.d4 Be7 8.Bd3 Nc6
9.O-O O-O 10.Re1 Bf6 11.Be4 Nce7 12.Qd3 h6 13.Ne5 Nxc3 14.Qxc3 Nd5 15.Qg3 Bh4
16.Qh3 Bg5 17.Bxg5 Qxg5 18.Rad1 Nf6 19.Bb1 Rd8 20.Qb3 b6 21.f3 Bd7 22.Qd3 Be8
23.Re2 Rac8 24.Red2 Rc7 25.g3 h5 26.Kg2 Nd5 27.Kf2 a6 28.a3 Rdc8 29.Ba2 Ba4
30.Re1 Rc2 31.Rxc2 Rxc2+ 32.Re2 Rxe2+ 33.Qxe2 Ne7 34.Qe3  1/2-1/2

[Event "Politiken Cup"]
[Site "Helsingor DEN"]
[Date "2008.07.27"]
[Round "10"]
[White "Malakhov,V"]
[Black "Engqvist,T"]
[Result "1-0"]
[WhiteElo "2689"]
[BlackElo "2363"]

1.c4 c6 2.Nf3 d5 3.e3 Nf6 4.Nc3 g6 5.d4 Bg7 6.Be2 O-O 7.O-O a6 8.Qb3 dxc4
9.Bxc4 b5 10.Be2 c5 11.dxc5 Be6 12.Qc2 Qc8 13.Nd4 Bg4 14.b4 a5 15.Bxg4 Nxg4
16.Nd5 Qd8 17.Qe4 Ra7 18.Rb1 axb4 19.Nxb5 Rxa2 20.Nxe7+ Kh8 21.Qxg4 Qxe7
22.Qxb4 Ra6 23.Bb2 Rc6 24.Nd4 Rc7 25.Ba3 Rfc8 26.Qa4 Ra7 27.Qb3 h6 28.Nb5 Ra8
29.c6 Qf6 30.c7 Na6 31.Bd6 Bf8 32.Bg3 Kg8 33.Qd5 Nb4 34.Qd7 Nc6 35.Rfc1 Ne5
36.Qd5  1-0

[Event "III Open"]
[Site "Oviedo ESP"]
[Date "2008.07.27"]
[Round "5"]
[White "Andres Gonzalez,I"]
[Black "Blazquez Lopez,B"]
[Result "1-0"]
[WhiteElo "2314"]
[BlackElo "2116"]

1.c4 c6 2.Nf3 d5 3.e3 Nf6 4.Qc2 g6 5.b3 Bg7 6.Bb2 O-O 7.Be2 Bf5 8.d3 a5 9.a3 Bg4
10.Nbd2 Ne8 11.h3 Bxf3 12.Nxf3 Bxb2 13.Qxb2 Nd7 14.h4 e6 15.Rc1 Qf6 16.d4 Nd6
17.c5 Ne4 18.Qc2 e5 19.Bd3 Nxf2 20.Kxf2 e4 21.Bxe4 dxe4 22.Qxe4 Rfe8 23.Qf4 Qe7
24.Rhe1 Nf6 25.Kg1 Nd5 26.Qh6 Nxe3 27.Rc3 Nf5 28.Rxe7 Nxh6 29.Rxb7 Re6 30.Rd7 Rae8
31.d5 cxd5 32.c6 Ng4 33.Rc1 Nf6 34.Rb7 Rc8 35.Nd4 Re4 36.c7 Rxc7 37.Rcxc7 Rxd4
38.Rxf7 Ng4 39.Kf1 Ne3+ 40.Ke2 Nxg2 41.Rg7+ Kf8 42.Rxh7 Kg8 43.Rhc7 Nf4+
44.Kf3 Ne6 45.Rc8+ Nf8 46.Rbb8  1-0

[Event "TIPC Open"]
[Site "Charleroi BEL"]
[Date "2008.07.29"]
[Round "5"]
[White "Marchal,R"]
[Black "Marechal,G"]
[Result "1/2-1/2"]
[WhiteElo "1698"]
[BlackElo "1969"]

1.c4 c6 2.g3 d5 3.cxd5 Qxd5 4.Nf3 Bg4 5.Bg2 Qa5 6.Nc3 e6 7.Qa4 Qxa4 8.Nxa4 Nf6
9.d3 Nbd7 10.O-O Bb4 11.a3 Ba5 12.b4 Bc7 13.Be3 O-O 14.Nc5 b6 15.Nxd7 Nxd7
16.Rac1 Ne5 17.d4 Nxf3+ 18.Bxf3 Bxf3 19.exf3 b5 20.Rxc6 Bb6 21.Rd6 Rfd8 22.Rxd8+ Rxd8
23.Rd1 Rd5 24.f4 f6 25.Rd2 Kf7 26.Kg2 h5 27.Kf3 Kg6 28.h3 f5 29.h4 Kf7 30.Ke2 g6
31.Kd3 Rd8 32.Rc2 Ke7 33.Rc6 Rd5 34.Rc8 Bd8 35.Rc5 a5 36.Rxd5 exd5 37.Bd2 axb4
38.axb4 Kd6 39.Bc3 Kc6  1/2-1/2

[Event "Mercosur Cup"]
[Site "Villa Martelli ARG"]
[Date "2008.07.29"]
[Round "1"]
[White "Bachmann,Ax"]
[Black "Real de Azua,E"]
[Result "1-0"]
[WhiteElo "2511"]
[BlackElo "2429"]

1.c4 c6 2.g3 d5 3.Bg2 Nf6 4.Nf3 dxc4 5.O-O e6 6.a4 Na6 7.Na3 Bxa3 8.Rxa3 Qa5
9.d4 cxd3 10.Rxd3 O-O 11.Bf4 e5 12.Bxe5 Bf5 13.Bxf6 gxf6 14.Rd6 Rad8 15.Qd4 Rxd6
16.Qxd6 Be6 17.Qe7 Qxa4 18.Qxf6 Qg4 19.Qe7 Bc8 20.Ng5 Qb4 21.Qf6 Nc5 22.Rd1 Qg4
23.Qh6 Qf5 24.Nxh7 Qxh7 25.Qg5+ Qg7 26.Qxc5 Qxb2 27.Bf3 Qf6 28.Rd6 Be6 29.Qxa7 Qe5
30.Rd4 c5 31.Re4 Qg5 32.h4 Qc1+ 33.Kg2 Rd8 34.Re5 c4 35.Qc5  1-0

[Event "Dutch Open"]
[Site "Dieren NED"]
[Date "2008.07.30"]
[Round "8"]
[White "Simutowe,A"]
[Black "Diepeveen,V"]
[Result "1-0"]
[WhiteElo "2459"]
[BlackElo "2262"]

1.c4 c6 2.e4 d5 3.exd5 cxd5 4.cxd5 Nf6 5.Nc3 Nbd7 6.d4 Nb6 7.Nf3 g6 8.Ne5 Bg7
9.Bb5+ Bd7 10.Be2 Nfxd5 11.Qb3 Bc6 12.O-O O-O 13.Nxc6 bxc6 14.Rd1 Rb8 15.Ne4 Nd7
16.Qh3 Rb4 17.Ng5 N7f6 18.Qd3 Qd6 19.Qc2 Nd7 20.Bc4 e5 21.b3 Rb7 22.Ne4 Qe7
23.Bg5 Qe6 24.dxe5 Qxe5 25.Rac1 Nb4 26.Qb1 Nxa2 27.Qxa2 Qxe4 28.Ba6 Rc7 29.Re1 Qg4
30.Be3 Ne5 31.Be2 Qf5 32.Red1 Ng4 33.Bc5 Re8 34.h3 Nf6 35.Bd3 Qe5 36.Bxg6 hxg6
37.Bd6 Qb5 38.Bxc7 Re2 39.Rc2 Rxc2 40.Qxc2 Nd5 41.Bd6  1-0

[Event "34th Open"]
[Site "Sitges ESP"]
[Date "2008.07.30"]
[Round "9"]
[White "Barsov,A"]
[Black "Sermier,G"]
[Result "1-0"]
[WhiteElo "2481"]
[BlackElo "2366"]

1.c4 c6 2.e4 e5 3.Nf3 d6 4.d4 Nd7 5.Nc3 Ngf6 6.Be2 Be7 7.O-O O-O 8.Be3 Qc7
9.Qc2 Re8 10.h3 Bf8 11.Rfd1 a6 12.Rac1 b6 13.d5 c5 14.Ne1 g6 15.Nd3 Bg7 16.Rb1 Rf8
17.Rf1 Ne8 18.Kh1 Qd8 19.Qd2 Qe7 20.Rbe1 Nc7 21.b4 Ne8 22.Bd1 f5 23.exf5 gxf5
24.a3 Ndf6 25.f4 e4 26.Nf2 h5 27.Rg1 Bd7 28.g3 Rc8 29.Be2 Bh8 30.Rb1 Rc7
31.bxc5 bxc5 32.Rb6 Bc8 33.Nfd1 Rf7 34.Bf2 Rh7 35.Ne3 Qg7 36.Ncd1 Qg6 37.Ng2 Nd7
38.Rb3 Nf8 39.Nh4 Qf7 40.Ne3 Ng6 41.Neg2 Nxh4 42.Nxh4 Bf6 43.Rb8 Kf8 44.Qd1 Rh6
45.Qd2 Rh7 46.Bd1 Qg7 47.Ba4 Bd7 48.Nxf5 Bxf5 49.Bxe8 Rc8 50.Rxc8 Bxc8 51.Ba4 Bxh3
52.f5 Qg4 53.Bd1 Qxf5 54.Be3 Bg4 55.Bf4 Bxd1 56.Rxd1 h4 57.g4 Qxg4 58.Bxd6+ Ke8
59.Re1 Bd4 60.Qg2 Qxg2+ 61.Kxg2 h3+ 62.Kh2 Kd7 63.Bf4 Rf7 64.Bg3 Rf3 65.Rxe4 Rxa3
66.Rg4 Rc3 67.Rg6 Rxc4 68.Rd6+ Ke7 69.Kxh3 Rc3 70.Re6+ Kd7 71.Kg4 Re3 72.Rd6+ Ke7
73.Rxa6 c4 74.Rc6 c3 75.Bf4 Rd3 76.Kf5 Bf2 77.d6+ Kd8 78.Ke6 Be3 79.Be5 Bd4
80.d7  1-0

[Event "Dutch Open"]
[Site "Dieren NED"]
[Date "2008.07.31"]
[Round "9"]
[White "Kabanof,N"]
[Black "De Saegher,C"]
[Result "1-0"]
[WhiteElo "2132"]
[BlackElo "2185"]

1.c4 c6 2.Nf3 d5 3.e3 Nf6 4.b3 Bg4 5.Be2 Nbd7 6.Bb2 e6 7.O-O Bd6 8.cxd5 exd5
9.h3 Bh5 10.Nc3 O-O 11.Nd4 Bxe2 12.Ncxe2 Re8 13.Ng3 a5 14.Ngf5 Bf8 15.f4 a4
16.Rf3 g6 17.Ng3 Bg7 18.Qc2 axb3 19.Nxb3 Qb6 20.h4 c5 21.h5 c4 22.Nd4 Nc5
23.hxg6 hxg6 24.Nde2 Nfe4 25.Bxg7 Kxg7 26.f5 Qf6 27.Raf1 Ng5 28.Rf4 Qe5 29.f6+ Kg8
30.Nd4 Nd3 31.Rg4 Ra6 32.Ngf5 Ne4 33.Ne7+ Kf8 34.Rf5 Rxf6 35.Rxe5 Nxe5 36.Rxe4 dxe4
37.Nd5 Ra6 38.Nc7 Nd3 39.Nxa6 bxa6 40.Qxc4 Rb8 41.Qxa6  1-0

[Event "95th ch-GBR"]
[Site "Liverpool ENG"]
[Date "2008.07.31"]
[Round "4"]
[White "Kolbus,D"]
[Black "Grigoryan Lyell,M"]
[Result "1-0"]
[WhiteElo "2393"]
[BlackElo "2053"]

1.c4 c6 2.Nf3 Nf6 3.g3 d5 4.Qc2 g6 5.Bg2 Bg7 6.O-O O-O 7.d3 Re8 8.e4 e5 9.Nc3 dxc4
10.dxc4 Qc7 11.Na4 Nbd7 12.Bd2 Nf8 13.h3 b6 14.Rad1 Bb7 15.c5 Rad8 16.Be3 b5
17.Nc3 b4 18.Nb1 Ne6 19.Rfe1 Nd7 20.a3 a5 21.axb4 axb4 22.Nbd2 Bf8 23.Nb3 Ba6
24.Bf1 Bxf1 25.Kxf1 Rb8 26.Ng5 Nxg5 27.Bxg5 Rb5 28.Be3 Ra8 29.Kg2 Rbb8 30.Ra1 Qb7
31.Qc4 Rxa1 32.Rxa1 Qb5 33.Qc2 Bg7 34.Ra5 Qb7 35.Qc4 Bf8 36.Kf3 Kg7 37.Ke2 Qc8
38.Ra7 Be7 39.Bd2 Rb5 40.Be3 h5 41.f3 Kf8 42.g4 hxg4 43.hxg4 Kg7 44.Nc1 Kf8
45.Nd3 b3 46.Qc3 Bf6 47.g5 Bg7 48.Qc4 Ke8 49.Qa4 Ke7 50.Qa6 Qxa6 51.Rxa6 Nb8
52.Ra7+ Ke8 53.Kd2 Nd7 54.Kc3 Bf8 55.Kc4 Be7 56.Rc7 Nb8 57.Nxe5 Bd8  1-0

[Event "IMB Proclient Cup"]
[Site "Olomouc CZE"]
[Date "2008.07.31"]
[Round "2"]
[White "Cernin,R"]
[Black "Blomqvist,E"]
[Result "1-0"]
[WhiteElo "2277"]
[BlackElo "2322"]

1.c4 c6 2.Nf3 d5 3.g3 Nf6 4.Bg2 dxc4 5.Na3 Qd5 6.O-O Na6 7.Qc2 Be6 8.h4 Qc5
9.Ng5 Bg4 10.d3 h6 11.Be3 Qb4 12.Bd2 Qc5 13.Be3 Qf5 14.Qxc4 Nd5 15.Nf3 Bxf3
16.Bxf3 e6 17.Qb3 Bb4 18.Nc2 O-O 19.Bxd5 Qxd5 20.Nxb4 Qxb3 21.axb3 Nxb4 22.Bc5 Nd5
23.Bxf8 Kxf8 24.d4 a6 25.e4 Nc7 26.Rfd1 Ke7 27.f3 Rd8 28.Kf2 Rf8 29.g4 Kd6
30.Ke3 Re8 31.Rd2 Rf8 32.Rg1 g6 33.f4 f6 34.Rf2 Rg8 35.Rgg2 Ke7 36.f5 g5
37.Rh2 exf5 38.hxg5  1-0

[Event "TIPC Open"]
[Site "Charleroi BEL"]
[Date "2008.08.02"]
[Round "9"]
[White "Sumets,A"]
[Black "Wiley,To"]
[Result "1-0"]
[WhiteElo "2534"]
[BlackElo "2299"]

1.c4 c6 2.d4 d5 3.Nc3 Nf6 4.e3 Bf5 5.cxd5 cxd5 6.Qb3 Bc8 7.Nf3 e6 8.Bb5+ Nbd7
9.O-O Be7 10.Ne5 O-O 11.f4 Nxe5 12.fxe5 Nd7 13.Bd2 f6 14.e4 fxe5 15.exd5 exd4
16.Ne4 exd5 17.Qxd5+ Kh8 18.Ng5 Nf6 19.Qxd8 Bxd8 20.Bb4  1-0

[Event "83rd ch-ARG"]
[Site "La Plata ARG"]
[Date "2008.08.02"]
[Round "4"]
[White "Flores,Di"]
[Black "Alonso,S"]
[Result "1/2-1/2"]
[WhiteElo "2553"]
[BlackElo "2437"]

1.c4 c6 2.Nf3 d5 3.e3 Nf6 4.Nc3 Bg4 5.Qb3 Qb6 6.Ne5 e6 7.Nxg4 Nxg4 8.d4 Nd7
9.Bd2 Be7 10.Be2 Ngf6 11.O-O O-O 12.Qc2 dxc4 13.Bxc4 Qd8 14.Rfd1 c5 15.dxc5 Bxc5
16.Ne4 Qe7 17.Nxc5 Qxc5 18.Qb3 Rfc8 19.Rac1 Qb6 20.Bc3 Qxb3 21.Bxb3 Nb6 22.Bd4 Rxc1
23.Rxc1 Rc8 24.Rxc8+ Nxc8 25.f3 Kf8 26.Kf2 b6 27.g4 h6 28.h4 Ne8 29.Ba4 Ncd6
30.Bc6 f6 31.h5 Ke7 32.f4 Nc7 33.b3 Nd5 34.a3 Ne4+ 35.Ke2 Kd6 36.Ba8 e5 37.Bb2 a5
38.b4 axb4 39.axb4 b5 40.Bb7 Nec3+ 41.Kf3 Na4 42.Bc1 Nac3 43.Bd2 e4+ 44.Kg3 Nd1
45.Ba8 N5xe3 46.Bxe3 Nxe3 47.Bxe4 Nd5 48.Bd3 Nxb4  1/2-1/2

[Event "XXIII Rapid Open"]
[Site "Villarrobledo ESP"]
[Date "2008.08.02"]
[Round "5"]
[White "Paunovic,D"]
[Black "Ponomariov,R"]
[Result "1/2-1/2"]
[WhiteElo "2539"]
[BlackElo "2718"]

1.c4 c6 2.e4 d5 3.exd5 cxd5 4.cxd5 Nf6 5.Nc3 Nxd5 6.Nf3 Nc6 7.d4 e6 8.Bd3 Bb4
9.Bd2 O-O 10.O-O Nf6 11.Be3 Ne7 12.Ne5 Nf5 13.Qb3 Bd6 14.Rad1 Nxe3 15.fxe3 Bxe5
16.dxe5 Nd7 17.Bb5 Qc7 18.Bxd7 Bxd7 19.Rd6 Bc6 20.Qb4 Qe7 21.Qg4 Rad8 22.Rfd1 Rxd6
23.Rxd6 Qc7 24.Qd4 a6 25.h4 h6 26.a3 Qe7 27.Qg4 Rd8 28.Qd4 Rc8 29.Qg4 Qc7
30.Qd4 Be8 31.Kh2 Qc4 32.Ne4 Qxd4 33.exd4 Bc6 34.Nc5 a5 35.Kg3 Kf8 36.Kf2 b6
37.Nd3 Be4 38.Ke3 Bxg2 39.Rxb6 g5 40.hxg5 hxg5 41.Ra6 g4 42.Rxa5 g3 43.Rc5 Rb8
44.b4 Ra8 45.Rc3 Bb7 46.Nf4 Ke8 47.Ke2 g2 48.Kf2 Rd8 49.Rc7 Ba6 50.Kxg2 Rxd4
51.Kf3 Bb5 52.Ke3 Rd1 53.Rc5 Bd7 54.Ne2 Ra1 55.Rc3 Kd8 56.Nd4 Re1+ 57.Kf4 f6
58.Re3 fxe5+ 59.Rxe5 Rf1+ 60.Kg5 Ke7 61.Rc5 Kd6 62.Nb5+ Bxb5 63.Rxb5 e5 64.Rb8 e4
65.Re8 Ra1 66.Rxe4 Rxa3  1/2-1/2

[Event "XXXIV Open"]
[Site "Badalona ESP"]
[Date "2008.08.03"]
[Round "3"]
[White "Pile,R"]
[Black "Sundararajan,K"]
[Result "1/2-1/2"]
[WhiteElo "2336"]
[BlackElo "2446"]

1.c4 c6 2.e4 d5 3.cxd5 cxd5 4.exd5 Nf6 5.Qa4+ Nbd7 6.Nc3 g6 7.Bc4 Bg7 8.d3 O-O
9.Nf3 a6 10.Qa3 b6 11.O-O Bb7 12.Re1 Re8 13.Be3 b5 14.Qb4 Nb6 15.Bxb6 Qxb6
16.a4 Ng4 17.Rf1 Bd4 18.Nxd4 Qxd4 19.axb5 axb5 20.Qxb5 Rxa1 21.Qxe8+ Kg7
22.Ne4 Rxf1+ 23.Kxf1 Bxd5 24.Qd8 Nf6 25.f3 Nxe4 26.fxe4 Qf6+ 27.Ke1 Bxc4
28.dxc4 Qxb2 29.Qc7 Qb1+ 30.Kd2 Qxe4 31.c5 Qd4+ 32.Kc2 Qc4+ 33.Kd2 Qd4+ 34.Kc2  1/2-1/2

[Event "GM Valoz Cup"]
[Site "Olomouc CZE"]
[Date "2008.08.03"]
[Round "5"]
[White "Vokac,M"]
[Black "Smith,Ax"]
[Result "1/2-1/2"]
[WhiteElo "2451"]
[BlackElo "2427"]

1.c4 c6 2.Nf3 d5 3.b3 Bg4 4.e3 Nf6 5.h3 Bh5 6.Bb2 e6 7.Be2 Nbd7 8.d3 Bb4+
9.Kf1 h6 10.Nc3 Qe7 11.Rc1 Ba3 12.Qc2 Rd8 13.cxd5 exd5 14.Nh4 Bxb2 15.Qxb2 Bxe2+
16.Nxe2 O-O 17.Nf5 Qe5 18.Qxe5 Nxe5 19.d4 Ng6 20.f3 Rfe8 21.Kf2 Ne7 22.Nxe7+ Rxe7
23.g4 Ne8 24.Rc3 Nd6 25.Ng3 Rf8 26.h4 g6 27.Ne2 Kg7 28.Nf4 Rfe8 29.Rg1 g5
30.Ne2 Kg6 31.hxg5 hxg5 32.Ng3 Rh8 33.Rg2 f5 34.gxf5+ Nxf5 35.Nxf5 Kxf5 36.Rc1 Reh7
37.e4+ dxe4 38.Rc5+ Kf6 39.fxe4 Rh4 40.Rf5+ Ke6 41.Re5+ Kf6 42.Ke3 Rh3+ 43.Kd2 R8h4
44.Rgxg5 Rxe4 45.Rxe4 Kxg5 46.Re7 Kf5 47.Rxb7 Ke4 48.Rxa7 Kxd4 49.Ra4+ Kc5
50.Rc4+ Kb5 51.a4+ Ka5 52.Kc2 Rh2+ 53.Kc3 Rh3+ 54.Kb2 Kb6 55.Rb4+ Ka6 56.Ka3 Rc3
57.Rh4 Rc5 58.Kb4 Rg5 59.Rh6 Kb6 60.a5+ Kb7 61.Ka4 Rg4+ 62.b4 c5 63.a6+ Ka7
64.Ka5 cxb4 65.Rh7+ Ka8 66.Rh8+  1/2-1/2

[Event "Timisoara Cup IM"]
[Site "Timisoara ROM"]
[Date "2008.08.03"]
[Round "2"]
[White "Bogdan,D"]
[Black "Nemes,S"]
[Result "1-0"]
[WhiteElo "1929"]
[BlackElo "2273"]

1.c4 c6 2.b3 d5 3.Bb2 Nf6 4.g3 Bf5 5.d3 e6 6.Nf3 h6 7.Bg2 Be7 8.O-O O-O 9.Nbd2 Nbd7
10.Qc2 Bh7 11.Ne5 Nxe5 12.Bxe5 Nd7 13.Bb2 a5 14.Rac1 Bf6 15.Rfe1 Bxb2 16.Qxb2 Qb6
17.a3 Rfd8 18.Rc2 Nc5 19.b4 axb4 20.axb4 Nd7 21.Rb1 Nf6 22.h3 Re8 23.Nf3 Nd7
24.Nd2 Ra7 25.b5 Rea8 26.bxc6 Qxb2 27.Rbxb2 bxc6 28.Nf3 e5 29.Nd2 Nf6 30.Rb6 e4
31.dxe4 dxe4 32.Rcb2 Rc8 33.Rxc6 Re8 34.Nf1 Bf5 35.Ne3 Bd7 36.Rd6 Rc7 37.Rd4 g6
38.Rb6 Kg7 39.Rxf6 Kxf6 40.Nd5+ Ke5 41.Rxe4+ Kd6 42.Rxe8 Bxe8 43.Nxc7 Kxc7
44.c5 f6 45.h4 g5 46.f4 gxf4 47.gxf4 Bh5 48.Kf2 Bf7 49.Ke3 Bc4 50.Bf3 Bb3
51.Be4  1-0

[Event "Timisoara Cup GM"]
[Site "Timisoara ROM"]
[Date "2008.08.04"]
[Round "3"]
[White "Doncea,V"]
[Black "Varga,Zo"]
[Result "0-1"]
[WhiteElo "2455"]
[BlackElo "2479"]

1.c4 c6 2.e4 e5 3.Nf3 d6 4.d4 Bg4 5.dxe5 Bxf3 6.Qxf3 dxe5 7.Qb3 Qb6 8.Be3 Qxb3
9.axb3 Na6 10.Bd3 Nf6 11.Nc3 Ng4 12.Bc1 O-O-O 13.Be2 Nf6 14.Be3 Bc5 15.Ra5 Bd4
16.c5 Bxc3+ 17.bxc3 Nxe4 18.f4 exf4 19.Bg4+ Kb8 20.Bxf4+ Ka8 21.b4 Nxc3 22.O-O f6
23.Rfa1 Rd4 24.g3 g5 25.b5 Nxb5 26.Rxb5 cxb5 27.Rxa6 Rxf4  0-1

[Event "Timisoara Cup IM"]
[Site "Timisoara ROM"]
[Date "2008.08.04"]
[Round "4"]
[White "Foisor,C"]
[Black "Nemes,S"]
[Result "0-1"]
[WhiteElo "2344"]
[BlackElo "2273"]

1.c4 c6 2.Nc3 d5 3.e3 Nf6 4.Nf3 g6 5.d4 Bg7 6.Qb3 O-O 7.a4 a5 8.Bd2 Qd6 9.Rc1 dxc4
10.Bxc4 h6 11.Ne5 e6 12.O-O Na6 13.Rfd1 Nb4 14.Be1 Bd7 15.f3 Rfd8 16.Bf1 Qb8
17.Bf2 Be8 18.g4 c5 19.Bg3 Qa7 20.Nb5 Bxb5 21.Bxb5 cxd4 22.Nxf7 Kxf7 23.Rc7+ Kg8
24.Qxe6+ Kh8 25.e4 d3+ 26.Bf2 Qb8 27.Rxg7 Kxg7 28.Qe7+ Kg8 29.Qxf6 Qd6 30.Qxd6 Rxd6
31.Bc5 Rdd8 32.e5 Kg7 33.Be7 Rd4 34.b3 Rc8 35.Bxb4 axb4 36.Kf2 d2 37.Ke3 Rc1
38.Rxd2 Rxd2 39.Kxd2 Rc3 40.Bc4 Rxf3 41.Bd5 Rh3 42.Bxb7 Rxb3 43.a5 Ra3 44.a6 g5
45.Bc8 Kf8 46.e6 Ke7 47.Kd1 Ra2 48.Kc1 Rxh2 49.Kb1 b3 50.Bd7 Ra2 51.Bb5 Kxe6
52.Bc4+ Ke5 53.Bxb3 Rxa6 54.Bf7 Kf4 55.Bh5 Ra3  0-1

[Event "17th Open"]
[Site "Kavala GRE"]
[Date "2008.08.05"]
[Round "7"]
[White "Sulypa,A"]
[Black "Mastrovasilis,D"]
[Result "1/2-1/2"]
[WhiteElo "2476"]
[BlackElo "2563"]

1.c4 c6 2.e4 d5 3.exd5 Nf6 4.d4 cxd5 5.Nc3 Nc6 6.Nf3 Bg4 7.cxd5 Nxd5 8.Qb3 Bxf3
9.gxf3 e6 10.Qxb7 Nxd4 11.Bb5+ Nxb5 12.Qxb5+ Qd7 13.Qxd7+ Kxd7 14.Nxd5  1/2-1/2

[Event "Abkhasian Open"]
[Site "Sukhumi GEO"]
[Date "2008.08.05"]
[Round "3"]
[White "Ovetchkin,R"]
[Black "Elizarov,D"]
[Result "1/2-1/2"]
[WhiteElo "2558"]
[BlackElo "2334"]

1.c4 c6 2.e4 d5 3.exd5 cxd5 4.d4 Nf6 5.Nc3 e6 6.Nf3 Be7 7.c5 Nc6 8.Bb5 O-O
9.Bxc6 bxc6 10.O-O Nd7 11.Bf4 a5 12.Re1 Re8 13.Bg3 Bf8 14.a3 f6 15.b4 axb4
16.axb4 Rxa1 17.Qxa1 Bb7 18.h4 g6 19.Re2 Bg7 20.Qa2 Kh8 21.Qa7 Qc8 22.Na4 Qa8
23.Qxa8 Rxa8 24.Nb6 Ra1+ 25.Kh2 Nf8 26.Bd6 Kg8 27.Bxf8 Bxf8 28.Rxe6 Kf7 29.Re2 Ba6
30.Rb2 Bh6 31.b5 Bf4+ 32.g3 Bc1 33.Rb3 Bxb5 34.Nxd5 Ra2 35.Kg1 Rb2 36.Rxb2 Bxb2
37.Nf4 Bc1 38.Kg2 Bxf4 39.gxf4 Ke6 40.Nh2 Kd5 41.Ng4 Kxd4 42.Nxf6 Kxc5 43.Nxh7 Bd3
44.Kf3 Kd4 45.Ng5 Bf5 46.Ke2 c5 47.Kd2 c4 48.Nf3+ Ke4 49.Ne5 Kxf4 50.Nxc4 Kg4  1/2-1/2